[Event "Titled Tuesday intern op 28th Mar Late"]
[Site "Chess.com INT"]
[Date "2023.03.28"]
[Round "10"]
[White "Nikanova, Ekaterina"]
[Black "Torres Bosch, Jose Francisco"]
[Result "0-1"]
[WhiteElo "2030"]
[BlackElo "2180"]
[PlyCount "100"]
[EventDate "2023.03.28"]
[EventType "swiss (blitz)"]
[EventRounds "11"]
[EventCountry "USA"]
[SourceTitle "EXT 2024"]
[Source "ChessBase"]
[SourceDate "2023.10.10"]
[SourceVersion "1"]
[SourceVersionDate "2023.10.10"]
[SourceQuality "1"]

1. e4 c5 2. a3 d5 3. exd5 Nf6 4. Nc3 Nxd5 5. Nxd5 Qxd5 6. Nf3 Bg4 7. Be2 Nc6 8. 0-0 e6 9. h3 Bh5 10. b4 cxb4 11. axb4 Bxb4 12. c3 Be7 13. d4 0-0 14. c4 Qf5 15. Bb2 Rfd8 16. g4 Bxg4 17. hxg4 Qxg4+ 18. Kh1 Bf6 19. Nh2 Qh4 20. f4 Bxd4 21. Bxd4 Rxd4 22. Qe1 Rxf4 23. Qxh4 Rxh4 24. Kg2 f5 25. Rfd1 Rd4 26. Nf3 Rxd1 27. Rxd1 Rd8 28. Rxd8+ Nxd8 29. Nd4 Kf7 30. Nb5 a6 31. Nd4 Kf6 32. Kf3 e5 33. Nb3 Ne6 34. c5 g5 35. c6 bxc6 36. Bxa6 g4+ 37. Kg3 Kg5 38. Bb7 f4+ 39. Kg2 c5 40. Bd5 f3+ 41. Kf2 Nf4 42. Be4 c4 43. Nd2 c3 44. Nc4 Kf6 45. Bxh7 Ng6 46. Bxg6 Kxg6 47. Nxe5+ Kf5 48. Nd3 Ke4 49. Nc1 c2 50. Kg3 Ke3 0-1

[Event "Titled Tuesday intern op 21st Feb Early"]
[Site "Chess.com INT"]
[Date "2023.02.21"]
[Round "2"]
[White "Maneluk, Daniil"]
[Black "Torres Bosch, Jose Francisco"]
[Result "0-1"]
[WhiteElo "2322"]
[BlackElo "2180"]
[PlyCount "84"]
[EventDate "2023.02.21"]
[EventType "swiss (blitz)"]
[EventRounds "11"]
[EventCountry "USA"]
[SourceTitle "CBM 212 Extra"]
[Source "ChessBase"]
[SourceDate "2023.03.31"]
[SourceVersion "1"]
[SourceVersionDate "2023.03.31"]
[SourceQuality "1"]

1. e4 c5 2. Nf3 d6 3. d4 cxd4 4. Nxd4 Nf6 5. Nc3 a6 6. f3 e5 7. Nb3 Be6 8. Be3 Be7 9. Qd2 h5 10. Be2 Nbd7 11. Nd5 Bxd5 12. exd5 b5 13. Na5 Nb6 14. Nc6 Qc7 15. c4 bxc4 16. Nxe7 Kxe7 17. 0-0 Nbxd5 18. Bg5 Qc5+ 19. Kh1 c3 20. bxc3 Rab8 21. c4 Nb4 22. Rfd1 Nc6 23. Be3 Qb4 24. Qd3 e4 25. fxe4 Ne5 26. Qd4 Nfg4 27. Bxg4 hxg4 28. Bf4 Rh5 29. a3 Qc5 30. Qxc5 dxc5 31. Rd5 f6 32. Rxc5 Rb2 33. Rd1 Kf7 34. Bxe5 Rxe5 35. Rc7+ Kg6 36. h4 Rxe4 37. Rdd7 Kf5 38. Rxg7 Ree2 39. Rc5+ Kf4 40. Rc6 Kg3 41. Rxf6 Re1+ 42. Rf1 Rxf1# 0-1

[Event "Titled Tuesday intern op 21st Feb Early"]
[Site "Chess.com INT"]
[Date "2023.02.21"]
[Round "6"]
[White "Torres Bosch, Jose Francisco"]
[Black "Novikov, Evgenij"]
[Result "0-1"]
[WhiteElo "2180"]
[BlackElo "2276"]
[PlyCount "104"]
[EventDate "2023.02.21"]
[EventType "swiss (blitz)"]
[EventRounds "11"]
[EventCountry "USA"]
[SourceTitle "CBM 212 Extra"]
[Source "ChessBase"]
[SourceDate "2023.03.31"]
[SourceVersion "1"]
[SourceVersionDate "2023.03.31"]
[SourceQuality "1"]

1. e4 c5 2. Nf3 d6 3. d4 cxd4 4. Nxd4 Nf6 5. Nc3 g6 6. Be3 a6 7. Be2 Nbd7 8. 0-0 b5 9. a3 Bb7 10. f3 Bg7 11. Kh1 0-0 12. Qd2 Rc8 13. Bh6 Ne5 14. Bxg7 Kxg7 15. f4 Nc4 16. Bxc4 Rxc4 17. b3 Rc7 18. e5 Ne4 19. Nxe4 Bxe4 20. Rae1 Qa8 21. exd6 exd6 22. f5 Qd5 23. Rf4 Bxc2 24. f6+ Kh8 25. Rh4 g5 26. Rh5 Rg8 27. h4 Be4 28. hxg5 Rc2 29. Qe3 Bg6 30. Rh2 Rcc8 31. Nf3 Qf5 32. Nh4 Qc2 33. Nxg6+ Qxg6 34. Qh3 Rce8 35. Qc3 Re5 36. Rxe5 dxe5 37. Rh3 Qxg5 38. Qf3 Qc1+ 39. Kh2 Qg5 40. Rh5 Qf4+ 41. Qxf4 exf4 42. Rf5 h6 43. Rxf4 Kh7 44. g4 Rc8 45. Kh3 Kg6 46. Kh4 Rc3 47. a4 Rxb3 48. axb5 axb5 49. Rf5 Rb1 50. Rc5 Kxf6 51. Rc6+ Kg7 52. Kh5 Rh1# 0-1

[Event "Titled Tuesday intern op 21st Feb Early"]
[Site "Chess.com INT"]
[Date "2023.02.21"]
[Round "9"]
[White "Torres Bosch, Jose Francisco"]
[Black "Rose, Felix"]
[Result "1-0"]
[WhiteElo "2180"]
[BlackElo "2091"]
[PlyCount "85"]
[EventDate "2023.02.21"]
[EventType "swiss (blitz)"]
[EventRounds "11"]
[EventCountry "USA"]
[SourceTitle "CBM 212 Extra"]
[Source "ChessBase"]
[SourceDate "2023.03.31"]
[SourceVersion "1"]
[SourceVersionDate "2023.03.31"]
[SourceQuality "1"]

1. e4 e5 2. Nf3 Nc6 3. Bb5 a6 4. Ba4 Nf6 5. 0-0 Be7 6. Re1 b5 7. Bb3 d6 8. c3 0-0 9. h3 Nb8 10. d4 Nbd7 11. c4 c6 12. d5 cxd5 13. cxd5 Bb7 14. a4 Nb6 15. a5 Nbd7 16. Nc3 Nc5 17. Bc2 b4 18. Na4 Nxa4 19. Rxa4 Nd7 20. Rxb4 Nc5 21. Rb6 Qc8 22. Be3 Bd8 23. Rxd6 Bxa5 24. Bd2 Bc7 25. Rc6 Bxc6 26. dxc6 Qe6 27. Ba4 Rab8 28. b4 Nd3 29. Re3 Nxb4 30. Ng5 Qd6 31. Qe1 Nxc6 32. Rg3 Nd4 33. Kh2 Kh8 34. Qd1 f6 35. Nxh7 Kxh7 36. Qh5+ Kg8 37. Rxg7+ Kxg7 38. Bh6+ Kh7 39. Bxf8+ Kg8 40. Bxd6 Bxd6 41. Qg6+ Kf8 42. Qxf6+ Kg8 43. Qxd6 1-0

[Event "Titled Tuesday intern op 24th Jan Late"]
[Site "Chess.com INT"]
[Date "2023.01.24"]
[Round "3"]
[White "Torres Bosch, Jose Francisco"]
[Black "Nissinen, Niilo Man"]
[Result "1-0"]
[WhiteElo "2180"]
[BlackElo "1996"]
[PlyCount "71"]
[EventDate "2023.01.24"]
[EventType "swiss (blitz)"]
[EventRounds "11"]
[EventCountry "USA"]
[SourceTitle "EXT 2024"]
[Source "ChessBase"]
[SourceDate "2023.10.10"]
[SourceVersion "1"]
[SourceVersionDate "2023.10.10"]
[SourceQuality "1"]

1. e4 c5 2. Nf3 Nc6 3. d4 cxd4 4. c3 Nf6 5. e5 Nd5 6. Bc4 Nc7 7. cxd4 e6 8. Nc3 d6 9. exd6 Bxd6 10. Ne4 Be7 11. 0-0 0-0 12. a3 b6 13. Bg5 f6 14. Bh4 Nd5 15. Rc1 Bb7 16. Ba2 Qd7 17. Re1 Kh8 18. Bg3 Rfe8 19. Qd3 Bf8 20. Bb1 g6 21. h4 Bh6 22. h5 Bxc1 23. Rxc1 Re7 24. hxg6 hxg6 25. Nd6 Rg7 26. Nh4 g5 27. Ng6+ Kg8 28. Bh2 a5 29. Qh3 Rh7 30. Qg3 Nce7 31. Nxb7 Qxb7 32. Qd6 Nxg6 33. Bxg6 Re7 34. Be4 Rc8 35. Re1 Rc6 36. Qd8+ 1-0

[Event "Titled Tuesday intern op 27th Dec Late"]
[Site "Chess.com INT"]
[Date "2022.12.27"]
[Round "4"]
[White "Suder, Jakub"]
[Black "Torres Bosch, Jose Francisco"]
[Result "1-0"]
[WhiteElo "2244"]
[BlackElo "2209"]
[PlyCount "91"]
[EventDate "2022.12.27"]
[EventType "swiss (blitz)"]
[EventRounds "11"]
[EventCountry "USA"]
[SourceTitle "EXT 2024"]
[Source "ChessBase"]
[SourceDate "2023.10.10"]
[SourceVersion "1"]
[SourceVersionDate "2023.10.10"]
[SourceQuality "1"]

1. d4 Nf6 2. c4 e6 3. Nc3 Bb4 4. a3 Bxc3+ 5. bxc3 b6 6. f3 Bb7 7. e4 d6 8. Be3 Nbd7 9. Bd3 Qe7 10. Ne2 e5 11. 0-0 0-0-0 12. a4 a5 13. Qb3 Rdg8 14. Qa3 g5 15. Ng3 g4 16. Nf5 Qf8 17. Bh6 Qd8 18. Kh1 gxf3 19. gxf3 Rg6 20. Rg1 Rhg8 21. Be3 Kb8 22. c5 dxc5 23. d5 Ne8 24. Bb5 Nd6 25. Nxd6 Rxd6 26. Rxg8 Qxg8 27. Rg1 Qf8 28. c4 f5 29. Qd3 f4 30. Bf2 Bc8 31. Qf1 Rg6 32. Bc6 Qg7 33. Rxg6 Qxg6 34. Qh3 Nf6 35. Qh4 h6 36. Be1 Qg5 37. Qf2 Bd7 38. Bxa5 Bxc6 39. dxc6 Ne8 40. Bc3 Qf6 41. Qd2 Qd6 42. Qc2 Ng7 43. a5 Ne6 44. axb6 cxb6 45. Qb2 Kc7 46. Bxe5 1-0

[Event "Titled Tuesday intern op 13th Dec Late"]
[Site "Chess.com INT"]
[Date "2022.12.13"]
[Round "4"]
[White "Estrada Nieto, Julian"]
[Black "Torres Bosch, Jose Francisco"]
[Result "1-0"]
[WhiteElo "2231"]
[BlackElo "2209"]
[PlyCount "67"]
[EventDate "2022.12.13"]
[EventType "swiss (blitz)"]
[EventRounds "11"]
[EventCountry "USA"]
[SourceTitle "EXT 2024"]
[Source "ChessBase"]
[SourceDate "2023.10.10"]
[SourceVersion "1"]
[SourceVersionDate "2023.10.10"]
[SourceQuality "1"]

1. e4 c5 2. Nf3 d6 3. d4 cxd4 4. Qxd4 Nc6 5. Bb5 Bd7 6. Bxc6 Bxc6 7. Nc3 Nf6 8. Bg5 e6 9. 0-0-0 Be7 10. Rhe1 0-0 11. Kb1 a6 12. Qd2 Qb8 13. Nd4 Rc8 14. f3 b5 15. g4 b4 16. Nce2 a5 17. Ng3 a4 18. Nh5 Kf8 19. Bxf6 gxf6 20. Qh6+ Ke8 21. Nxf6+ Kd8 22. Qg7 Be8 23. Qh8 Kc7 24. Nxe8+ Rxe8 25. Qxh7 a3 26. Qxf7 axb2 27. Nxe6+ Kb7 28. Nc5+ Kc7 29. Qe6 Bf8 30. Qd7+ Kb6 31. Na4+ Ka5 32. Rd5+ Ka6 33. Qc6+ Ka7 34. Ra5# 1-0

[Event "Titled Tuesday intern op 13th Dec Early"]
[Site "Chess.com INT"]
[Date "2022.12.13"]
[Round "2"]
[White "Eynullayev, Atilla Elshan"]
[Black "Torres Bosch, Jose Francisco"]
[Result "0-1"]
[WhiteElo "2281"]
[BlackElo "2209"]
[PlyCount "144"]
[EventDate "2022.12.13"]
[EventType "swiss (blitz)"]
[EventRounds "11"]
[EventCountry "USA"]
[SourceTitle "EXT 2024"]
[Source "ChessBase"]
[SourceDate "2023.10.10"]
[SourceVersion "1"]
[SourceVersionDate "2023.10.10"]
[SourceQuality "1"]

1. d4 Nf6 2. c4 e6 3. Nc3 Bb4 4. e3 0-0 5. Bd3 c5 6. Nf3 d5 7. cxd5 exd5 8. dxc5 Na6 9. Bd2 Nxc5 10. Be2 Bf5 11. a3 Bxc3 12. Bxc3 Nfe4 13. Bd4 Ne6 14. 0-0 Nxd4 15. Qxd4 Rc8 16. Rac1 Qa5 17. Rfd1 h6 18. Ne5 Rxc1 19. Rxc1 Rc8 20. Rxc8+ Bxc8 21. f3 Nd6 22. Kf2 Nf5 23. Qf4 g5 24. Qb4 Qxb4 25. axb4 Kf8 26. Bd3 Ke7 27. Bc2 Kf6 28. Nd3 Nd6 29. Bb3 Be6 30. g4 Nc4 31. Ke2 Ne5 32. Nc5 b6 33. Na6 Nc6 34. Kd3 Ke5 35. b5 Na5 36. Bc2 f5 37. h3 f4 38. Nb4 fxe3 39. Kxe3 Nc4+ 40. Ke2 Nxb2 41. Nc6+ Kd6 42. Nxa7 Kc5 43. Bb3 Nc4 44. Nc6 Bd7 45. Ne7 Bxb5 46. Kf2 Ne5 47. Nf5 Nf7 48. h4 Bd3 49. Nxh6 Nxh6 50. hxg5 Nf7 51. f4 b5 52. Kf3 Kd4 53. Kg3 Be4 54. Kh4 Ke3 55. f5 Kf4 56. g6 Nh6 57. Kh5 Nxg4 58. g7 Nf6+ 59. Kg6 Ke5 60. Kf7 Bxf5 61. g8Q Be6+ 62. Kg7 Bxg8 63. Bxd5 Nxd5 64. Kxg8 b4 65. Kg7 b3 66. Kg6 b2 67. Kg5 b1Q 68. Kh6 Qf5 69. Kg7 Qf6+ 70. Kh7 Qg5 71. Kh8 Kf6 72. Kh7 Qg7# 0-1

[Event "Titled Tuesday intern op 13th Dec Late"]
[Site "Chess.com INT"]
[Date "2022.12.13"]
[Round "3"]
[White "Torres Bosch, Jose Francisco"]
[Black "Martinez Reyes, Pedro Ramon"]
[Result "1-0"]
[WhiteElo "2209"]
[BlackElo "2383"]
[PlyCount "159"]
[EventDate "2022.12.13"]
[EventType "swiss (blitz)"]
[EventRounds "11"]
[EventCountry "USA"]
[SourceTitle "EXT 2024"]
[Source "ChessBase"]
[SourceDate "2023.10.10"]
[SourceVersion "1"]
[SourceVersionDate "2023.10.10"]
[SourceQuality "1"]

1. e4 Nc6 2. Nf3 d6 3. Bc4 Nf6 4. d4 Nxe4 5. 0-0 d5 6. Bb5 Bg4 7. h3 Bxf3 8. Qxf3 e6 9. c4 Be7 10. cxd5 exd5 11. Nc3 Nxc3 12. bxc3 0-0 13. Re1 Bg5 14. Ba3 Be7 15. Bxc6 Bxa3 16. Bxb7 Rb8 17. Bxd5 Bd6 18. Re2 Qg5 19. Rae1 g6 20. c4 c5 21. dxc5 Bxc5 22. Re5 Qd2 23. Qe2 Qd4 24. Re4 Qf6 25. Qf3 Qxf3 26. gxf3 Rb2 27. R1e2 Rfb8 28. Kg2 Kg7 29. f4 a5 30. Kf3 a4 31. Rxb2 Rxb2 32. Re2 Rb1 33. Bc6 a3 34. Ba4 Rc1 35. Bb3 f5 36. Re5 Rc3+ 37. Ke2 Bd4 38. Rd5 Bf6 39. Rd3 Rc1 40. Rd1 Rc3 41. Rd3 Rc1 42. Rd1 Rxd1 43. Kxd1 Kf7 44. c5+ Ke7 45. Bg8 h6 46. Ke2 Kf8 47. Bd5 Bd4 48. c6 Ke7 49. Kf3 g5 50. fxg5 hxg5 51. Kg2 Kd6 52. Kf1 Bb6 53. Bg2 Ke5 54. Ke2 Kd4 55. Kd2 Ke5 56. Ke2 Kd4 57. f4 g4 58. hxg4 fxg4 59. Kf2 Bc7 60. Kg3 Ke3 61. Kxg4 Bxf4 62. Kf5 Bg3 63. Ke6 Kd2 64. Kd7 Kc3 65. Bd5 Kd4 66. Bb3 Kc5 67. c7 Bxc7 68. Kxc7 Kb5 69. Kd6 Ka5 70. Kd5 Ka6 71. Kc4 Ka7 72. Kb4 Kb8 73. Kxa3 Ka8 74. Kb4 Kb8 75. Ka5 Ka8 76. Ka6 Kb8 77. a4 Ka8 78. Bd5+ Kb8 79. a5 Kc8 80. Ka7 1-0

[Event "Titled Tuesday intern op 13th Dec Early"]
[Site "Chess.com INT"]
[Date "2022.12.13"]
[Round "7"]
[White "Torres Bosch, Jose Francisco"]
[Black "Roque Sola, Gisela"]
[Result "0-1"]
[WhiteElo "2209"]
[BlackElo "2061"]
[PlyCount "124"]
[EventDate "2022.12.13"]
[EventType "swiss (blitz)"]
[EventRounds "11"]
[EventCountry "USA"]
[SourceTitle "EXT 2024"]
[Source "ChessBase"]
[SourceDate "2023.10.10"]
[SourceVersion "1"]
[SourceVersionDate "2023.10.10"]
[SourceQuality "1"]

1. e4 c5 2. Nf3 Nc6 3. d4 cxd4 4. Nxd4 e5 5. Nb5 d6 6. N1c3 a6 7. Na3 Nf6 8. Nc4 b5 9. Ne3 Be6 10. g3 Nd4 11. Bg2 b4 12. Ncd5 Bxd5 13. exd5 Be7 14. 0-0 0-0 15. c3 bxc3 16. bxc3 Nb5 17. Bb2 Rb8 18. a4 Nc7 19. Bc1 a5 20. c4 Na6 21. Ba3 Nd7 22. Be4 Ndc5 23. Bc2 Nb4 24. Bxb4 Rxb4 25. Qg4 Bf6 26. Rab1 Qd7 27. Rxb4 Qxg4 28. Nxg4 axb4 29. Rb1 Rb8 30. Bb3 Bd8 31. Ne3 g6 32. Kf1 f5 33. Ke2 Bg5 34. Nc2 Bf6 35. f3 e4 36. g4 Bc3 37. gxf5 gxf5 38. Ne3 f4 39. Nf5 e3 40. Nxd6 Kf8 41. Nb5 Ke7 42. Bc2 Rg8 43. Bxh7 Rg2+ 44. Kf1 Rxh2 45. Bf5 e2+ 46. Kg1 Rh5 47. d6+ Kd8 48. Bg4 Re5 49. Na7 e1Q+ 50. Rxe1 Rxe1+ 51. Kf2 Nd3+ 52. Kg2 Re2+ 53. Kh3 Nf2+ 54. Kh4 Nxg4 55. Kxg4 Rd2 56. c5 b3 57. Nb5 Bb4 58. a5 Bxc5 59. a6 b2 60. Nc3 Rxd6 61. Kxf4 Rxa6 62. Nb1 Ra1 0-1

[Event "Titled Tuesday intern op 22nd Nov Late"]
[Site "Chess.com INT"]
[Date "2022.11.22"]
[Round "1"]
[White "Gascon del Nogal, Jose Rafael"]
[Black "Torres Bosch, Jose Francisco"]
[Result "1-0"]
[WhiteElo "2458"]
[BlackElo "2196"]
[PlyCount "31"]
[EventDate "2022.11.22"]
[EventType "swiss (blitz)"]
[EventRounds "11"]
[EventCountry "USA"]
[SourceTitle "CBM 211 Extra"]
[Source "ChessBase"]
[SourceDate "2023.01.31"]
[SourceVersion "1"]
[SourceVersionDate "2023.01.31"]
[SourceQuality "1"]

1. Nf3 Nf6 2. c4 c5 3. d4 cxd4 4. Nxd4 g6 5. Nc3 Bg7 6. e4 0-0 7. Be2 Nc6 8. Be3 Qa5 9. 0-0 e6 10. Ndb5 d5 11. exd5 exd5 12. cxd5 Nb4 13. a3 Na6 14. Nd6 Bd7 15. Nxb7 Qc7 16. Bxa6 1-0

[Event "Titled Tuesday intern op 22nd Nov Late"]
[Site "Chess.com INT"]
[Date "2022.11.22"]
[Round "4"]
[White "Toniutti, Ezio"]
[Black "Torres Bosch, Jose Francisco"]
[Result "1-0"]
[WhiteElo "2238"]
[BlackElo "2196"]
[PlyCount "61"]
[EventDate "2022.11.22"]
[EventType "swiss (blitz)"]
[EventRounds "11"]
[EventCountry "USA"]
[SourceTitle "CBM 211 Extra"]
[Source "ChessBase"]
[SourceDate "2023.01.31"]
[SourceVersion "1"]
[SourceVersionDate "2023.01.31"]
[SourceQuality "1"]

1. d4 Nf6 2. c4 e6 3. g3 Bb4+ 4. Bd2 Be7 5. Bg2 d5 6. Nf3 0-0 7. 0-0 c6 8. Qc2 Nbd7 9. Bc3 b6 10. Nbd2 Ba6 11. b3 Rc8 12. e4 dxe4 13. Nxe4 c5 14. Rad1 Nxe4 15. Qxe4 Nf6 16. Qc2 cxd4 17. Nxd4 Qc7 18. Nc6 b5 19. Ba5 Qb7 20. Nb4 Nd5 21. Rxd5 Bxb4 22. Bxb4 exd5 23. Bxf8 Kxf8 24. Qxh7 bxc4 25. Re1 f6 26. Bf3 Qf7 27. Bh5 Qg8 28. Qg6 Bb5 29. bxc4 dxc4 30. Qf5 a6 31. Qxc8+ 1-0

[Event "Titled Tuesday intern op 22nd Nov Late"]
[Site "Chess.com INT"]
[Date "2022.11.22"]
[Round "7"]
[White "Torres Bosch, Jose Francisco"]
[Black "D'Arruda, Ricardo D"]
[Result "1-0"]
[WhiteElo "2196"]
[BlackElo "2271"]
[PlyCount "69"]
[EventDate "2022.11.22"]
[EventType "swiss (blitz)"]
[EventRounds "11"]
[EventCountry "USA"]
[SourceTitle "CBM 211 Extra"]
[Source "ChessBase"]
[SourceDate "2023.01.31"]
[SourceVersion "1"]
[SourceVersionDate "2023.01.31"]
[SourceQuality "1"]

1. e4 c5 2. Nf3 Nc6 3. d4 cxd4 4. Nxd4 e5 5. Nb5 a6 6. Nd6+ Bxd6 7. Qxd6 Qe7 8. Qd1 Nf6 9. Nc3 d6 10. Bg5 Be6 11. Qd2 0-0 12. 0-0-0 Rfd8 13. f4 exf4 14. Qxf4 h6 15. Bxf6 Qxf6 16. Qxf6 gxf6 17. Nd5 Bxd5 18. Rxd5 Ne5 19. Be2 Kf8 20. Rhd1 Ke7 21. c3 Rac8 22. Kd2 Rg8 23. g3 h5 24. Ke3 h4 25. g4 Rc6 26. h3 Rg5 27. Kf4 Ng6+ 28. Ke3 Re5 29. R1d4 Ke6 30. Rb4 Ne7 31. Rxe5+ fxe5 32. Rxb7 Nc8 33. g5 d5 34. exd5+ Kxd5 35. Bf3+ 1-0

[Event "Titled Tuesday intern op 22nd Nov Late"]
[Site "Chess.com INT"]
[Date "2022.11.22"]
[Round "8"]
[White "Torres Bosch, Jose Francisco"]
[Black "Milchev, Nikolay"]
[Result "0-1"]
[WhiteElo "2196"]
[BlackElo "2386"]
[PlyCount "72"]
[EventDate "2022.11.22"]
[EventType "swiss (blitz)"]
[EventRounds "11"]
[EventCountry "USA"]
[SourceTitle "CBM 211 Extra"]
[Source "ChessBase"]
[SourceDate "2023.01.31"]
[SourceVersion "1"]
[SourceVersionDate "2023.01.31"]
[SourceQuality "1"]

1. e4 Nf6 2. e5 Nd5 3. d4 d6 4. Nf3 g6 5. Be2 Bg7 6. 0-0 0-0 7. c4 Nb6 8. exd6 cxd6 9. Nc3 Bg4 10. Qd3 Nc6 11. d5 Bxf3 12. Qxf3 Ne5 13. Qe4 Rc8 14. Bg5 h6 15. Bh4 Re8 16. f4 Nexc4 17. f5 g5 18. Be1 Nxb2 19. Rb1 N6c4 20. h4 Qb6+ 21. Bf2 Qa5 22. Be1 Bxc3 23. hxg5 hxg5 24. f6 exf6 25. Qf3 Qc5+ 26. Kh1 Qe3 27. Bxc3 Qxf3 28. Bxf3 Nd3 29. Rxb7 Nce5 30. Bd4 a5 31. Be4 Rc4 32. Bxe5 Nxe5 33. Bf5 Rd4 34. Bd7 Re7 35. Bc6 Rxb7 36. Bxb7 Kg7 0-1

[Event "Titled Tuesday intern op 08th Nov Late"]
[Site "Chess.com INT"]
[Date "2022.11.08"]
[Round "2"]
[White "Kuzmicz, Krystian"]
[Black "Torres Bosch, Jose Francisco"]
[Result "1-0"]
[WhiteElo "2466"]
[BlackElo "2196"]
[PlyCount "59"]
[EventDate "2022.11.08"]
[EventType "swiss (blitz)"]
[EventRounds "11"]
[EventCountry "USA"]
[SourceTitle "EXT 2024"]
[Source "ChessBase"]
[SourceDate "2023.10.10"]
[SourceVersion "1"]
[SourceVersionDate "2023.10.10"]
[SourceQuality "1"]

1. e4 c5 2. d3 g6 3. g3 Bg7 4. Bg2 e6 5. f4 Ne7 6. Nf3 0-0 7. 0-0 d5 8. c3 dxe4 9. dxe4 Qxd1 10. Rxd1 Nbc6 11. Na3 b6 12. e5 Ba6 13. Ng5 Rad8 14. Be3 Na5 15. Ne4 Nf5 16. Bf2 h5 17. h3 Nc4 18. Nxc4 Bxc4 19. g4 hxg4 20. hxg4 Rxd1+ 21. Rxd1 Be2 22. Rd7 Bxg4 23. Rxa7 Rb8 24. b4 cxb4 25. cxb4 Be2 26. Nd6 Bf8 27. Nxf7 Bxb4 28. Ng5 Bc4 29. Ra4 Bxa2 30. Rxa2 1-0

[Event "Malaga op 16th"]
[Site "Malaga"]
[Date "2022.10.30"]
[Round "5"]
[White "Torres Bosch, Jose Francisco"]
[Black "Fernandez Garcia, Javier"]
[Result "1/2-1/2"]
[WhiteElo "2173"]
[BlackElo "2039"]
[PlyCount "188"]
[EventDate "2022.10.27"]
[EventType "swiss"]
[EventRounds "9"]
[EventCountry "ESP"]
[SourceTitle "EXT 2024"]
[Source "ChessBase"]
[SourceDate "2023.10.10"]
[SourceVersion "1"]
[SourceVersionDate "2023.10.10"]
[SourceQuality "1"]

1. e4 e6 2. d4 d5 3. Nc3 Nf6 4. e5 Nfd7 5. f4 c5 6. Nf3 Nc6 7. Be3 cxd4 8. Nxd4 Bc5 9. Qd2 0-0 10. 0-0-0 a6 11. Qf2 Qe7 12. Bd3 f6 13. exf6 Nxf6 14. h3 Bd7 15. Kb1 Nxd4 16. Bxd4 Rac8 17. Rhe1 b5 18. f5 Bxd4 19. Qxd4 Qd6 20. fxe6 Bxe6 21. g4 Rce8 22. a3 Bf7 23. Be4 Nxe4 24. Rxe4 Rxe4 25. Nxe4 Qf4 26. Nc3 Qf3 27. h4 Be6 28. g5 Kh8 29. Re1 Bg8 30. Re7 Rf7 31. Re8 Rf8 32. Rxf8 Qxf8 33. b4 Qd6 34. Ne2 a5 35. Nf4 axb4 36. axb4 Bf7 37. Nd3 h6 38. Ne5 Be8 39. Ng4 hxg5 40. hxg5 Kg8 41. Kb2 Bg6 42. Ne5 Be8 43. Nd3 Bg6 44. Nf4 Be4 45. Ne2 Qg6 46. Qe5 Qc6 47. Qc3 Qg6 48. Nd4 Qxg5 49. Nxb5 Qd8 50. Nd4 g5 51. Qg3 Qf6 52. c3 Qf4 53. Qxf4 gxf4 54. Kc1 Kf7 55. Kd2 Kf6 56. Ke1 Bd3 57. Kf2 Ke5 58. Kf3 Be4+ 59. Ke2 Kd6 60. Kf2 Bd3 61. Kf3 Ke5 62. b5 Be4+ 63. Kg4 Bd3 64. b6 Ba6 65. Nb3 Kd6 66. Kxf4 Kc6 67. Ke5 Kxb6 68. Kxd5 Bf1 69. Nd2 Be2 70. Nb3 Bf1 71. Nd4 Bd3 72. Ne6 Bf1 73. Nf4 Kb5 74. Kd4 Bc4 75. Nh3 Bg8 76. Nf2 Bf7 77. Ne4 Bg8 78. Nd6+ Kc6 79. Nc8 Kc7 80. Ne7 Ba2 81. Kc5 Bb3 82. Nd5+ Kd7 83. Ne3 Kc7 84. Nf1 Bf7 85. Nd2 Be6 86. Ne4 Ba2 87. Nf6 Bb3 88. Nh5 Bf7 89. Nf4 Bb3 90. Nd5+ Kd7 91. Nb4 Kc7 92. Nc6 Ba2 93. c4 Bxc4 94. Kxc4 Kxc6 1/2-1/2

[Event "Malaga op 16th"]
[Site "Malaga"]
[Date "2022.10.27"]
[Round "1"]
[White "Torres Bosch, Jose Francisco"]
[Black "Gaspar Lopez, Rocio"]
[Result "1-0"]
[WhiteElo "2173"]
[BlackElo "1653"]
[PlyCount "65"]
[EventDate "2022.10.27"]
[EventType "swiss"]
[EventRounds "9"]
[EventCountry "ESP"]
[SourceTitle "EXT 2024"]
[Source "ChessBase"]
[SourceDate "2023.10.10"]
[SourceVersion "1"]
[SourceVersionDate "2023.10.10"]
[SourceQuality "1"]

1. e4 c5 2. Nf3 Nc6 3. d4 cxd4 4. Nxd4 e5 5. Nb5 d6 6. N1c3 a6 7. Na3 Be7 8. Nc4 b5 9. Ne3 Nf6 10. Bd3 0-0 11. 0-0 Rb8 12. Ncd5 Nxd5 13. Nxd5 Bg5 14. Be3 Bxe3 15. Nxe3 Nd4 16. c3 Ne6 17. g3 Bb7 18. Bc2 Nc5 19. Nd5 Bxd5 20. Qxd5 Qc7 21. Rad1 Rfd8 22. f4 Ne6 23. Kg2 Qc5 24. Qd2 b4 25. f5 bxc3 26. bxc3 Nc7 27. Bb3 d5 28. exd5 Rxb3 29. axb3 Rxd5 30. Qc1 Qc6 31. Rxd5 Nxd5 32. Kh3 Qxc3 33. Qxc3 1-0

[Event "Titled Tuesday intern op 18th Oct Early"]
[Site "Chess.com INT"]
[Date "2022.10.18"]
[Round "11"]
[White "Baches Garcia, Guillermo"]
[Black "Torres Bosch, Jose Francisco"]
[Result "0-1"]
[WhiteElo "2326"]
[BlackElo "2173"]
[PlyCount "90"]
[EventDate "2022.10.18"]
[EventType "swiss (blitz)"]
[EventRounds "11"]
[EventCountry "USA"]
[SourceTitle "EXT 2024"]
[Source "ChessBase"]
[SourceDate "2023.10.10"]
[SourceVersion "1"]
[SourceVersionDate "2023.10.10"]
[SourceQuality "1"]

1. e4 c5 2. Nf3 d6 3. d4 cxd4 4. Nxd4 Nf6 5. Nc3 a6 6. Be3 e5 7. Nb3 Be7 8. f3 h5 9. Nd5 Be6 10. Qd2 Nbd7 11. Be2 Nxd5 12. exd5 Bf5 13. 0-0 a5 14. a4 h4 15. Bb5 0-0 16. c4 b6 17. Rae1 Nc5 18. Nxc5 bxc5 19. f4 e4 20. b3 Bf6 21. Kh1 g6 22. Kg1 Bg7 23. Rc1 Qf6 24. Rfd1 Qb2 25. Qxb2 Bxb2 26. Rc2 Bf6 27. Kf2 Kg7 28. Rg1 Rh8 29. g4 hxg3+ 30. hxg3 Rh2+ 31. Rg2 Rah8 32. Rd2 Bg4 33. Rxh2 Rxh2+ 34. Kg1 Rh3 35. Kg2 Rh5 36. Kg1 Bf3 37. Rh2 Bd4 38. Bxd4+ cxd4 39. Rxh5 gxh5 40. Kf2 Kf6 41. c5 dxc5 42. d6 Bd1 43. Bc4 e3+ 44. Ke1 Bg4 45. Kf1 Be6 0-1

[Event "Titled Tuesday intern op 18th Oct Early"]
[Site "Chess.com INT"]
[Date "2022.10.18"]
[Round "5"]
[White "Hnydiuk, Aleksander"]
[Black "Torres Bosch, Jose Francisco"]
[Result "1-0"]
[WhiteElo "2361"]
[BlackElo "2173"]
[PlyCount "65"]
[EventDate "2022.10.18"]
[EventType "swiss (blitz)"]
[EventRounds "11"]
[EventCountry "USA"]
[SourceTitle "EXT 2024"]
[Source "ChessBase"]
[SourceDate "2023.10.10"]
[SourceVersion "1"]
[SourceVersionDate "2023.10.10"]
[SourceQuality "1"]

1. e4 e5 2. Nf3 Nc6 3. Bb5 a6 4. Ba4 Nf6 5. d4 exd4 6. 0-0 Be7 7. e5 Nd5 8. Nxd4 Nb6 9. Nf5 0-0 10. Bh6 g6 11. Bb3 Bg5 12. Bxf8 Qxf8 13. f4 Bd8 14. Ng3 d6 15. Ne4 Bf5 16. Nbc3 dxe5 17. fxe5 Nxe5 18. Qd4 Nc6 19. Nf6+ Bxf6 20. Qxf6 Qg7 21. Rxf5 gxf5 22. Qxf5 Nd4 23. Bxf7+ Qxf7 24. Qg4+ Qg7 25. Qe4 Rf8 26. Qxb7 Qf7 27. h3 Qf2+ 28. Kh1 Nxc2 29. Rd1 Ne3 30. Rd4 Kh8 31. Qe4 Nxg2 32. Rd1 Nf4 33. Rg1 1-0